El Salvador: documento del bloque popular revolucionario
Sparad:
| Materialtyp: | Text |
|---|---|
| Ämnen: | |
| Taggar: |
Lägg till en tagg
Inga taggar, Lägg till första taggen!
|
MARC
| LEADER | 00000 a a2200000 04500 | ||
|---|---|---|---|
| 001 | 17891 | ||
| 003 | |||
| 040 | |||
| 245 | |a El Salvador: |b documento del bloque popular revolucionario | ||
| 650 | |a GOLPES DE ESTADO | ||
| 650 | |a MILITARISMO | ||
| 650 | |a DEMOCRACIA | ||
| 650 | |a POLITICA | ||
| 650 | |a BOLIVIA | ||
| 773 | |g volumen 3, número 45. (1979) páginas 414 | ||
| 999 | |c 24804 |d 24804 | ||
| 773 | 0 | |0 42391 |9 3767 |a Agencia Latinoamericana de Información, ALAI |d Quito, Ecuador: ALAI |o 03844 |t ALAI: |x 08275564 (Servicio mensual de información y documentación) | |
